| 000 | 00453nam a2200157 i 4500 | ||
|---|---|---|---|
| 001 | 33227 | ||
| 003 | ES-MaACL | ||
| 005 | 20230906154724.0 | ||
| 007 | t| | ||
| 008 | 030201s1974 sp ||||1| spa d | ||
| 100 | 1 |
_aBerenguer, José. _927885 |
|
| 245 | 1 | 0 |
_aIntroducción a la música electroacústica / _cJosé Berenguer. |
| 260 |
_aValencia : _bFernando Torres, _c[1974] |
||
| 300 |
_a116 p. : _bil. ; _c18 cm. |
||
| 852 |
_aES-MaACL _jE-6743 _bR.91311 |
||
| 999 |
_c33227 _d33227 |
||